Bulletin of industrial statistics for Arab countries 2004-2010 (7th issue) (Record no. 36353)

MARC details
000 -LEADER
fixed length control field 00747nam a2200157 a 4500
008 - FIXED-LENGTH DATA ELEMENTS--GENERAL INFORMATION
fixed length control field 130925s2010 ||||||||||||||||| || u
020 ## - INTERNATIONAL STANDARD BOOK NUMBER
International Standard Book Number 9789211283570
050 ## - LIBRARY OF CONGRESS CALL NUMBER
Classification number UNESCWA(05)BISAC/7
110 ## - MAIN ENTRY--CORPORATE NAME
Corporate name or jurisdiction name as entry element United Nations Economic and Social Commission for Western Asia
245 11 - TITLE STATEMENT
Title Bulletin of industrial statistics for Arab countries 2004-2010 (7th issue)
Statement of responsibility, etc. by United Nations Economic and Social Commission for Western Asia
250 ## - EDITION STATEMENT
Edition statement 7th
260 ## - PUBLICATION, DISTRIBUTION, ETC.
Place of publication, distribution, etc. Beirut:
Name of publisher, distributor, etc. United Nations Economic and Social Commission for Western Asia
Date of publication, distribution, etc. 2010
300 ## - PHYSICAL DESCRIPTION
Extent xvii, 219p.: ill.
650 ## - SUBJECT ADDED ENTRY--TOPICAL TERM
Topical term or geographic name entry element INDUSTRIAL STATISTICS
995 ## - RECOMMENDATION 995 [LOCAL, UNIMARC FRANCE]
-- CBU-MAIN LIBRARY (Kitwe)
-- 1
-- AVAILABLE
-- Sep 26, 2013
-- International Publications
Holdings
Withdrawn status Lost status Source of classification or shelving scheme Damaged status Not for loan Home library Current library Shelving location Date acquired Total Checkouts Full call number Barcode Date last seen Price effective from Koha item type
          CBU-MAIN LIBRARY, KITWE. CBU-MAIN LIBRARY, KITWE.   11/30/2022   UNESCWA(05)BISAC/7 B993 11/30/2022 11/30/2022 MONOGRAPH